| 000 | 00548nam a22001697a 4500 | ||
|---|---|---|---|
| 999 |
_c524111 _d524111 |
||
| 003 | NUST | ||
| 020 | _c(Hbk) | ||
| 038 | _aShaban | ||
| 082 |
_a491 _bTAR |
||
| 100 |
_aTareen, Robina _914934 |
||
| 245 |
_aMultan mein lasani tashkeelat ka amal aor dosrai mazameen / _cRobina Tareen |
||
| 260 |
_aIslamabad-: _bRoad mat press, _c2004. |
||
| 300 | _a162 p. ; | ||
| 880 |
_6100-02\r _aڈاکٹر روبینہ ترین |
||
| 880 |
_6245-02\r _aملتان میں لسانی تشکیلات کا عمل اور دوسرے مضامین / |
||
| 942 |
_2ddc _cBK |
||